| 000 | 00504nam a2200205Ia 4500 | ||
|---|---|---|---|
| 003 | OSt | ||
| 005 | 20231103154901.0 | ||
| 008 | 210210b1994 xxu||||| |||| 00| 0 eng d | ||
| 020 | _a81 237 0917 X | ||
| 040 | _cAL | ||
| 041 | _aEnglish | ||
| 082 | _a925 KOTO | ||
| 100 |
_aKOTHARE (A N) and others. _9140758 |
||
| 245 | _aOf science and scientists. | ||
| 260 |
_aNew Delhi. _bNational Book Trust _c1994 |
||
| 300 | _axxiii,230 | ||
| 690 |
_aBiography _9140759 |
||
| 906 | _a048941 | ||
| 942 |
_2ddc _cBK |
||
| 999 |
_c97849 _d97849 |
||